LEADER 01004nam0-2200325---450 001 990009916050403321 005 20190314091224.0 010 $a978-1-4398-8241-2$bhardback 035 $a000991605 035 $aFED01000991605 035 $a(Aleph)000991605FED01 035 $a000991605 100 $a20141112d2014----km-y0itay50------ba 101 0 $aeng 102 $aUS 105 $aa-------001yy 200 1 $aFood oxidants and antioxidants$echemical, biological, and functional properties$fedited by Grzegorz Bartosz 210 $aBoca Raton [etc.]$cCRC$dc2014 215 $aXVII, 550 p.$cill.$d24 cm 225 1 $aChemical and functional properties of food components series 610 0 $aAdditivi alimentari 676 $a613.286 702 1$aBartosz,$bGrzegorz 801 0$aIT$bUNINA$gREICAT$2UNIMARC 901 $aBK 912 $a990009916050403321 952 $a60 613.286 BARG 2014$b14535$fFAGBC 959 $aFAGBC 996 $aFood oxidants and antioxidants$9831282 997 $aUNINA LEADER 01758nam0 22003733i 450 001 VAN0237481 005 20221007100600.826 010 $a978-36-625-7316-7 100 $a20220114d2020 |0itac50 ba 101 $aeng 102 $aDE 105 $a|||| ||||| 200 1 $aMineralogy$eAn Introduction to Minerals, Rocks, and Mineral Deposits$fMartin Okrusch, Hartwig E. Frimmel 210 $aBerlin$cSpringer$d2020 215 $aXI, 719 p.$cill.$d24 cm 410 1$1001VAN0237483$12001 $aSpringer Textbooks in Earth Sciences, Geography and Environment$1210 $aBerlin, Cham$cSpringer$d2017- 620 $dBerlin$3VANL000066 676 $a551.9$cGeochimica$v22 676 $a550$cScienze della terra e geologia - Geofisica$v22 676 $a549$cMineralogia$v22 676 $a553$cGeologia applicata - Geologia economica$v22 700 1$aOkrusch$bMartin$3VANV194556$01073898 701 1$aFrimmel$bHartwig E.$3VANV194557$01073899 712 $aSpringer $3VANV108073$4650 790 1$aFrimmel, H. E.$zFrimmel, Hartwig E.$3VANV194558 790 1$aFrimmel, H.E.$zFrimmel, Hartwig E.$3VANV201015 801 $aIT$bSOL$c20240614$gRICA 856 4 $uhttps://link.springer.com/openurl?genre=book&isbn=978-3-662-57316-7$zE-book - Accesso al full-text attraverso riconoscimento IP di Ateneo, proxy e/o Shibboleth 899 $aBIBLIOTECA DEL DIPARTIMENTO DI SCIENZE E TECNOLOGIE AMBIENTALI BIOLOGICHE E FARMACEUTICHE$1IT-CE0101$2VAN17 912 $fN 912 $aVAN0237481 950 $aBIBLIOTECA DEL DIPARTIMENTO DI SCIENZE E TECNOLOGIE AMBIENTALI BIOLOGICHE E FARMACEUTICHE$d17CONS e-book 2223 $e17BIB2223/566 566 20220114 996 $aMineralogy$92570162 997 $aUNICAMPANIA